000
00286nam a2200133Ia 4500
100
_a
Camm/F.J
942
_c
BK
654
_a
Diesel vehicles
245
_a
Diesel vehicles
260
_b
D.B.Taraporevala & Sons
_a
Bombay
_c
1975
082
_a
629.28
300
_a
107
546
_a
ENGLISH
999
_c
32011
_d
32011